| 000 | 00370nam a22001577a 4500 | ||
|---|---|---|---|
| 003 | SGT | ||
| 020 | _a9788175341227 | ||
| 082 | _a340.14,DWO | ||
| 100 | _aDWORKIN, GERALD | ||
| 245 | _aODGER`S CONSTRUCTION OF DEEDS AND STATUTES | ||
| 250 | _a5TH | ||
| 260 |
_aNEW DELHI _bUNIVERSAL BOOK HOUSE _c2013 |
||
| 300 | _a488 | ||
| 650 | _aDEEDS AND STATUTES | ||
| 942 |
_2ddc _cBK |
||
| 999 |
_c9903 _d9903 |
||